| 000 | 00401nam a22001457a 4500 | ||
|---|---|---|---|
| 020 | _a97800706360064 | ||
| 082 |
_a624.182 _bMEH/CO |
||
| 100 |
_aMehta,Kumar P. _9742 |
||
| 100 |
_aMonteiro,Paulo J.M _9743 |
||
| 245 | _aConcrete: Microstructure, Properties, and Materials | ||
| 250 | _a3 rd | ||
| 260 |
_aNew Delhi _bMcGraw Hill Education (India) Private Limited _c2006 |
||
| 300 | _a659 | ||
| 942 | _cBK | ||
| 999 |
_c14450 _d14450 |
||